00325nam a2200109Ia 4500008004100000041000800041082001700049100002300066245004500089260004800134300003300182240624s9999 xx 000 0 und d aeng a658.4063 GOV aGOVINDARAJAN VIJAY a10 RULES FOR STRATEGIC INNOVATORS FROM I c2007aBostonbHarvard Business School Press axxvii, : 224 : p. : cm. ; 23